00391cam a22001097a 4500008004000000082001300040100002100053245007000074260004700144300000900191650008100200180718b1922 xxu||||| |||| 00| 0 eng d aI54 B768 aBright, Sallie E aPublic relations programs - how to plan themcby Sallie E. Bright aNew YorkbNational Publicity Councilc1922 a44p. aSunland Training Center (Gainesville, Fla.) Public relations --Social servic